| 000 | 00812nam a22002177a 4500 | ||
|---|---|---|---|
| 005 | 20131011121512.0 | ||
| 010 | _aENG-107962 | ||
| 020 |
_c1495.00 _a9789350352328 |
||
| 035 | _aEN-91495 | ||
| 037 | _bDBAD/PUB | ||
| 082 | _a345.54056 | ||
| 100 | _aRamakrishna, P.V. | ||
| 245 | 0 | 0 |
_aLaw of bails : _cby P.V. Ramakrishna ; revised by J.S. Dubey [and] Jagdish Kumar Solanki _ban exhaustive treatise on bails of all kinds along with model forms of bail applications / |
| 250 | _a8th ed | ||
| 260 |
_aDelhi _bUniversal Law Publishing _c2012 |
||
| 270 |
_aC-FF-1A, Dilkhus Industrial Estate, (Near Azadpur Metro Station) G.T. Karnal Road, _bDelhi _e110033 |
||
| 300 |
_axciv,968p. _c26cm(Hb) |
||
| 700 | _aDubey,J.S. | ||
| 700 | _aSolanki,Jagdish Kumar | ||
| 942 |
_2ddc _cEN _mRAM _h345.54056 |
||
| 999 |
_c77425 _d77425 |
||